000 00384 a2200157 4500
001 75918
020 _a9788547234409
040 _cAnchieta - Colégio São Paulo
100 _aBranco, Anselmo Lazaro
240 1 0 _aLigamundo: Geografia, 5º Ano.
_lpor
245 1 0 _aLigamundo: Geografia, 5º Ano.
300 _a152
362 0 _a2018
650 4 _aGeografia e viagens
942 _cBK
999 _c75918
_d75918